U.S. Presidents and Vice Presidents A-Z - Statistics

General Stats
  • This quiz has been taken 170 times
    68 since last reset
  • The average score is 16 of 21
Answer Stats
President % Correct
B Alben W. Barkley | Joe Biden | John C. Breckinridge | James Buchanan | Aaron Burr | George H. W. Bush | George W. Bush
96%
A John Adams | John Quincy Adams | Spiro Agnew | Chester A. Arthur
96%
C John C. Calhoun | Jimmy Carter | Dick Cheney | Grover Cleveland | Bill Clinton | George Clinton | Schuyler Colfax | Calvin Coolidge | Charles Curtis
96%
T William Howard Taft | Zachary Taylor | Daniel D. Tompkins | Harry S. Truman | Donald Trump | John Tyler
95%
W Henry A. Wallace | George Washington | William A. Wheeler | Henry Wilson | Woodrow Wilson
89%
H Hannibal Hamlin | Warren G. Harding | Kamala Harris | Benjamin Harrison | William Henry Harrison | Rutherford B. Hayes | Thomas A. Hendricks | Garret Hobart | Herbert Hoover | Hubert Humphrey
87%
J Andrew Jackson | Thomas Jefferson | Andrew Johnson | Lyndon B. Johnson | Richard Mentor Johnson
85%
R Ronald Reagan | Nelson Rockefeller | Franklin D. Roosevelt | Theodore Roosevelt
85%
F Charles W. Fairbanks | Millard Fillmore | Gerald Ford
84%
E Dwight D. Eisenhower
84%
G James A. Garfield | John Nance Garner | Elbridge Gerry | Al Gore | Ulysses S. Grant
82%
M James Madison | Thomas R. Marshall | William McKinley | Walter Mondale | James Monroe | Levi P. Morton
82%
K John F. Kennedy | William R. King
78%
P Mike Pence | Franklin Pierce | James K. Polk
78%
N Richard Nixon
78%
L Abraham Lincoln
76%
V Martin Van Buren | JD Vance
76%
O Barack Obama
73%
Q Dan Quayle
51%
S James S. Sherman | Adlai Stevenson I
35%
D George M. Dallas | Charles G. Dawes
24%
No matching quizzes found
Score Distribution
Percent of People with Each Score
Percentile by Number Answered
Your Score History
You have not taken this quiz since the last reset